| 000 | 01003nam a22002537a 4500 | ||
|---|---|---|---|
| 005 | 20170124102936.0 | ||
| 010 | _aB-038416 | ||
| 020 |
_c150.00 _a8185829977 |
||
| 035 | _aB-038416 | ||
| 037 | _bCen Lib/Ret | ||
| 040 |
_aDPL _bHN |
||
| 082 |
_a827 _bचतुर्वे |
||
| 100 |
_aचतुर्वेदी, गोपाल _942803 |
||
| 245 |
_aराम झरोखे बैठ के / _cगोपाल चतुर्वेदी |
||
| 246 | _bby | ||
| 260 |
_aदिल्ली _bज्ञान गंगा _c2001 |
||
| 270 |
_a205-सी चावड़ी बाज़ार _bदिल्ली _e110006 |
||
| 300 |
_a155पृ. _c21सेमी (सजिल्द) |
||
| 650 |
_aहिंदी साहित्य _947494 |
||
| 650 |
_aहिंदी साहित्य --कहानिया _91009 |
||
| 650 |
_aHindi literature _947495 |
||
| 650 |
_aHindi literature--Stories _947496 |
||
| 942 |
_2ddc _cHN _h827 _mचतुर्वे |
||
| 999 |
_c112236 _d112236 |
||